General Knowledge - Very Difficult XVI - Statistics

General Stats
  • This quiz has been taken 20 times
  • The average score is 8 of 33
Answer Stats
Hint Answer % Correct
Nicolas Jacques Pelletier, a French highwayman was the first person to be executed by guillotine on 25th April 1792 at the age of 35. The execution took place in what city? Paris
81%
King Louis 16th was executed on 21st January 1793 at the age of 38. His Austrian wife was executed by guillotine on 16th October 1793 at the age of 37. What was her name? Marie Antoinette
69%
The largest US state, covering 665,384 square miles. Alaska
63%
The smallest state in the United States by land area. It's also known as "The Ocean State" because most of the state is less than 30 miles from the ocean. Rhode Island
63%
The ______ ________ is an Egyptian engraved stone bearing a tri-lingual decree dated 197 BC inscribed in Hieroglyphic, Demotic and Greek text. It was rediscovered by Lieutenant Pierre-François Bouchard on 19th July, 1799, during Napoleon's campaign in Egypt. Rosetta Stone
63%
The centrist/moderate conservative Shigeru Ishiba of the Liberal Democratic Party has been the Prime Minister of what country since 2024? Japan
56%
If you're a polygot, you know a lot of ________? languages
56%
The northernmost capital in continental South America. Caracas
50%
What sport was revolutionized by Takeru "The Tsunami" Kobayashi? Competative _____ eating
38%
What Russian politician and statesman had his portstain birthmark on his head airbrushed out of his early official portraits? Mikhail Gorbachev
38%
What actor who played Saruman in The Lord of the Rings and also fought in World War II as a member of the Royal Air Force? Christopher Lee
31%
The southernmost capital in continental South America. Montevideo
25%
A loose dress of Hawaiian origin that has 4 u's. muumuu
25%
William Francis Kemmler (1860-1890) was an American murderer who was the first person executed by electric chair. He was convicted of murdering Matilda "Tillie" Ziegler, his common-law wife, a year earlier. In what US state did this occur? New York
25%
In 1961, Russian surgeon Leonid Rogozov performed an __________ on himself while working in Antarctica. He was the only medical professional on the expedition and was too ill to receive outside help. appendectomy
19%
The above statesman also introduced the policies of "______" (openness) taken to mean increased openness and transparency in government institutions and activities in the Soviet Union glasnost
19%
The above statesman also served as the last leader of the Soviet Union from 1985 to the country's dissolution in 1991. He introduced policies of “__________” (restructuring) referring to the restructuring of the political economy of the Soviet Union, in an attempt to end the Era of Stagnation, Perestroika
19%
In Norse mythology, the hammer of the thunder god, Thor is called ______and is a symbol of his power. Forged by dwarfs, the hammer never failed Thor, he used it as a weapon to crash down on the heads of giants and as an instrument to hallow people and things. Mjollnir
13%
The wife of Martin Luther King. Coretta Scott King
6%
A 14-year-old African American youth, who was abducted and lynched in Mississippi in 1955 after being accused of offending a white woman, Carolyn Bryant, in her family's grocery store on the 28th August 1955. Emmett Till
6%
Who proposed to employ the guillotine as a more humane method of execution? Joseph-IgnaceGuillotin
6%
An American civil rights activist and soldier who was the NAACP's first field secretary in Mississippi. Murdered by white supremacists on his front lawn in Jackson Mississippi, June 12, 1963 at the aged 37. Medgar Evers
6%
Bruce Lee had his ____ glands surgically removed a few months before his death. It is thought this prodecure helped lead to his death at 32 on the 20th July 1973 in Kowloon Tong, Hong Kong. sweat
6%
A samurai of African origin who served Oda Nobunaga between 1581 and 1582, during the Sengoku period. Yasuke
6%
The wife of Malcolm X. Betty Shabazz
0%
The oldest Historically Black College and University (HBCU) in the United States. It was founded in 1837 by Richard Humphreys, a Quaker philanthropist. Cheyney
0%
An American Marxist-Leninist revolutionary. He came to prominence in his late teens and early 20s in Chicago as deputy chairman of the national Black Panther Party and chair of the Illinois chapter. He was murdered by US police in 4 December 1969, West Monroe Street, Chicago, Illinois, United States at the age of 21. Fred Hampton
0%
In Norse mythology, ______ is a goddess associated with love, beauty, fertility, sex, war, gold, and seiðr (magic for seeing and influencing the future). freyja
0%
The _________ or Exaggerators were a radical revolutionary political group. They came to power during the Reign of Terror and played a significant role in the French Revolution. Herbertists
0%
A 2021 film about the life of the above mentioned man and the William O'Neal, who worked with the police to assassinate him. Judas and the Black Messiah
0%
Bōsōzoku is a Japanese youth subculture that arose in the 1950s, they are associated with having customised ________. motorcycles
0%
At 8am on 13th August 1964, two men, convicted just a few weeks earlier of murder, were led to the gallows at separate prisons in Manchester and Liverpool. No one involved knew it at the time, but Gwynne Evans and _______ were the last executions before capital punishment was abolished in Britain. Peter Allen
0%
The first African American woman to run for Presidency in 1972. Shirley Chisholm
0%
No matching quizzes found
Score Distribution
Percent of People with Each Score
Percentile by Number Answered
Your Score History
You have not taken this quiz